000 00825nam a22002057a 4500
001 EIF-III-1998-M2-001
003 OSt
005 20230109152245.0
008 221102b |||||||| |||| 00| 0 eng d
040 _bFundación Jesús Pereda
_cFundación Jesús Pereda
041 _aCastellano
100 _aCastillo Rama, Antonio
_9206
111 _994
_aEncuentro de Investigadores del Franquismo
_c(Sevilla.
_d1998.
_n3º)
245 _aLa problemática del sector naval de la Bahía de Cádiz, durante la transición política
_c/Antonio Castillo Rama
650 0 _9208
_aSector Naval
651 0 _9207
_aAndalucía
773 _tActas del III Encuentro de Investigadores del Franquismo
_g095-102 p.
856 _uhttps://bibliotecaccoocyl.fundacionjesuspereda.es/cgi-bin/koha/opac-retrieve-file.pl?id=0c698af5c15bdd40ab55ea0392646bea
942 _2ddc
_cCF
_n0
999 _c67
_d67